Junior Sunday school work. (Record no. 9093)

000 -LEADER
fixed length control field 00626nam a2200193 a 4500
001 - CONTROL NUMBER
control field :::00006874$&:&@@
003 - CONTROL NUMBER IDENTIFIER
control field OkBaRHE
005 - DATE AND TIME OF LATEST TRANSACTION
control field 20000607103333.0
008 - FIXED-LENGTH DATA ELEMENTS--GENERAL INFORMATION
fixed length control field s1941 j 000 0 eng u
040 ## - CATALOGING SOURCE
Transcribing agency
100 1# - MAIN ENTRY--PERSONAL NAME
Personal name Davis, Blanche Linthicum.
245 10 - TITLE STATEMENT
Title Junior Sunday school work.
260 ## - PUBLICATION, DISTRIBUTION, ETC. (IMPRINT)
Place of publication, distribution, etc Nashville, TN., :
Name of publisher, distributor, etc Sunday School Board of the Southern Baptist Convention
Date of publication, distribution, etc c1941
300 ## - PHYSICAL DESCRIPTION
Extent 134 p. ;
Dimensions 19 cm.
650 ## - SUBJECT ADDED ENTRY--TOPICAL TERM
Topical term or geographic name as entry element Church Work with Children
650 ## - SUBJECT ADDED ENTRY--TOPICAL TERM
Topical term or geographic name as entry element Sunday-schools
General subdivision Teaching
942 ## - ADDED ENTRY ELEMENTS (KOHA)
Source of classification or shelving scheme
Koha item type Books
Copies
Source of classification or shelving scheme Damaged status Date last seen Koha item type Permanent Location Date acquired Withdrawn status Price effective from Not for loan Shelving location Full call number Barcode Lost status Copy number
  2010-04-14BooksRHEMA Bible Training College2010-04-14 2010-04-14 General StacksBV 639 .D36874 1